Biblioteca

Urbanidad y medio ambiente (Registro nro. 52150)

Detalles MARC
000 -LÍDER
Campo fijo de descripción fija 01007aab a2200193 i 4500
001 - NÚMERO DE CONTROL
Campo de control 768714001
003 - IDENTIFICADOR DEL NÚMERO DE CONTROL
Campo de control CO-MdFUSB
005 - FECHA Y HORA DE LA ULTIMA TRANSACCIÓN
control field 20240422082214.0
008 - ELEMENTOS DE LONGITUD FIJA -- INFORMACIÓN GENERAL
Campo fijo de descripción fija -- Información general 221010s1995 ag ||||| |||| 00| 0 spa d
040 ## - FUENTE DE CATALOGACIÓN
Idioma de catalogación spa
Agencia que realiza la transcripción CO-MdFUSB
Agencia que realiza la modificación CO-MdFUSB
041 ## - CÓDIGO DE IDIOMA
Código de idioma para texto/pista de sonido o título separado spa
100 1# - ASIENTO PRINCIPAL--NOMBRE PERSONAL
Nombre personal Weigandt, Wilfredo
Término relacionador autor
245 10 - TÍTULO
Título Urbanidad y medio ambiente
Mención de responsabilidad / Wilfredo Weigandt
300 ## - DESCRIPCIÓN FÍSICA
Extensión Volumen 14, número 4 (octubre - diciembre, 1995), páginas 11-14
Dimensiones ; 27 cm
520 ## - NOTA DE RESUMEN, ETC.
Nota de sumario, etc. Se hace necesario concebir el diseño del ambiente urbano a la luz de la teología de la creación, de la caída, de la restauración y de la nueva creación. Esto concretamente nos lleva a la enunciación de la base creacional de todo proyecto, esto es, no sólo la concepción antropológica, sino también aquello que tiene que ver con todos los otros seres creados.
653 ## - TÉRMINO DE INDIZACIÓN - NO CONTROLADO
Término no controlado Medio ambiente
773 0# - ASIENTO DE ITEM FUENTE
Título Iglesia y Misión
Biblionumber 49402
Itemnumber 59642
Parte(s) relacionada(s) / Volumen., número. (mes año), páginas Volumen 14, número 4 (octubre - diciembre, 1995), páginas 11-14
Enumeración y primera página Páginas 11
942 ## - TIPO DE MATERIAL (KOHA)
Tipo de Item KOHA Artículos de Revista

No hay ítems disponibles.

Biblioteca FUSBC | Teléfono: (57+4) 349 88 10 Ext. 141| WhatsApp (+57) 3005338115 
E-mail: biblioteca@unisbc.edu.co | Calle 76 87-14 Robledo Palenque, Medellín, Colombia

Con tecnología Koha